[Event "Tourn. n9331"]
[Site "www.chess-mail.com"]
[Date "2017.04.25"]
[Round "1"]
[White "Crull"]
[Black "Pariolinius"]
[WhiteElo "1840"]
[BlackElo "1880"]
[Result "1-0"]
[Round "1"]
1.d4 d5
2.c4 e6
3.a3 Ng8f6
4.Ng1f3 c6
5.Nb1c3 Bf8e7
6.Bc1f4 Nb8d7
7.e3 Nf6h5
8.Nf3e5 { resign }
1-0

[Event "Tourn. n9305"]
[Site "www.chess-mail.com"]
[Date "2017.04.25"]
[Round "1"]
[White "Pariolinius"]
[Black "Libiesse"]
[WhiteElo "1980"]
[BlackElo "1880"]
[Result "0-1"]
[Round "1"]
1.d4 d5
2.Ng1f3 e6
3.Bc1f4 Ng8f6
4.Nb1d2 c5
5.c3 Nb8d7
6.e3 cxd4
7.cxd4 a6
8.Bf1d3 b5
9.O-O Nd7b6
10.Ra1c1 Bf8d6
11.Bf4xd6 Qd8xd6
12.Nd2b3 Nb6c4
13.Qd1e2 O-O
14.Nb3c5 Ra8a7
15.b3 Nc4b6
16.h3 Ra7c7
17.Nf3e5 Bc8b7
18.Nc5xb7 Rc7xb7
19.Rc1c6 Qd6a3
20.Qe2c2 Qa3e7
21.f4 Nf6d7
{ resign }
0-1

[Event "Tourn. n9290"]
[Site "www.chess-mail.com"]
[Date "2017.04.25"]
[Round "1"]
[White "Picifarkinca"]
[Black "Sorento"]
[WhiteElo "1990"]
[BlackElo "1849"]
[Result "0-1"]
[Round "1"]
1.Ng1f3 g6
2.g3 Bf8g7
3.Bf1g2 f5
4.d4 Ng8f6
5.O-O O-O
6.c3 d6
7.Qd1b3 e6
8.Nb1d2 Nb8c6
9.Rf1e1 d5
10.c4 Nf6e4
11.e3 a5
12.cxd5 exd5
13.Nd2xe4 fxe4
14.Nf3d2 a4
15.Qb3c2 Nc6b4
16.Qc2b1 Nb4d3
17.Re1f1 c5
18.b3 cxd4
19.Nd2xe4 dxe4
20.Bg2xe4 Nd3xc1
{ resign }
0-1

[Event "Tourn. n9203"]
[Site "www.chess-mail.com"]
[Date "2017.04.25"]
[Round "1"]
[White "Churrasca"]
[Black "Norlavuaram"]
[WhiteElo "2190"]
[BlackElo "2080"]
[Result "0-1"]
[Round "1"]
1.e4 e5
2.Ng1f3 Nb8c6
3.Bf1b5 a6
4.Bb5a4 Ng8f6
5.O-O Bf8e7
6.Rf1e1 b5
7.Ba4b3 O-O
8.c3 d6
9.d4 Bc8g4
10.h3 Bg4d7
11.d5 Nc6a5
12.Bb3c2 c5
13.Nb1d2 Na5b7
14.Nd2f1 Qd8c7
15.Nf1g3 g6
16.b3 Rf8e8
17.c4 Be7f8
18.Bc1g5 Bf8g7
19.Qd1d3 h6
20.Bg5d2 b4
21.a3 a5
22.a4 Re8f8
23.Qd3e2 Ra8e8
24.Bd2e3 Kh7
25.Ra1d1 Nf6g8
26.Bc2d3 Kh8
27.Qe2c2 Qc7c8
28.Nf3h2 f5
29.exf5 gxf5
30.Be3c1 e4
31.Bd3e2 Nb7d8
32.Ng3h5 Bg7e5
33.f3 Nd8f7
34.f4 Be5d4
 { time }
0-1

[Event "Tourn. n9307"]
[Site "www.chess-mail.com"]
[Date "2017.04.25"]
[Round "1"]
[White "Picifarkinca"]
[Black "Guidom"]
[WhiteElo "2000"]
[BlackElo "1990"]
[Result "1-0"]
[Round "1"]
1.d4 d5
2.c4 dxc4
3.Ng1f3 c6
4.a4 Ng8f6
5.Nb1c3 Bc8g4
6.Nf3e5 Bg4h5
7.Ne5xc4 e6
8.f3 Bf8b4
9.e3 O-O
10.Nc4e5 Bb4xc3
11.bxc3 Nb8d7
12.Ne5c4 Nd7b6
13.Bc1a3 Rf8e8
14.Nc4d6 Re8e7
15.a5 Nb6d5
16.Qd1c1 Re7d7
17.Nd6c4 b5
18.Nc4e5 Rd7c7
19.g4 Bh5g6
20.h4 h5
21.Ne5xg6 fxg6
22.g5 Nf6d7
23.Bf1h3 Qd8e8
24.Ba3d6 Rc7c8
25.e4 Nd5c7
26.O-O Qe8f7
27.Qc1f4 Qf7xf4
28.Bd6xf4 Nd7f8
29.Bf4d6 a6
30.f4 Ra8a7
31.Bd6c5 Ra7b7
32.f5 exf5
33.exf5 Rc8e8
34.Bc5xf8 Re8xf8
35.fxg6 Nc7d5
36.Bh3e6 Rf8f7
37.Be6xd5 cxd5
38.gxf7 { resign }
1-0

[Event "Tourn. n9311"]
[Site "www.chess-mail.com"]
[Date "2017.04.25"]
[Round "1"]
[White "Sorento"]
[Black "Picifarkinca"]
[WhiteElo "1929"]
[BlackElo "2020"]
[Result "1-0"]
[Round "1"]
1.e4 c6
2.d4 d5
3.Nb1c3 dxe4
4.Nc3xe4 Nb8d7
5.Ng1f3 Ng8f6
6.Ne4g3 e6
7.Bc1g5 Qd8a5
8.c3 Bf8d6
9.Bf1d3 h6
10.Bg5d2 O-O
11.O-O e5
12.Ng3f5 Bd6b8
13.Nf3h4 e4
14.Bd3xe4 Nf6xe4
15.Qd1g4 Ne4g5
16.Bd2xg5 hxg5
17.Nf5e7 { resign }
1-0

[Event "Tourn. n9272"]
[Site "www.chess-mail.com"]
[Date "2017.04.25"]
[Round "1"]
[White "Odin"]
[Black "Mihaiiorga"]
[WhiteElo "1830"]
[BlackElo "2040"]
[Result "0-1"]
[Round "1"]
1.d4 d5
2.c4 e6
3.Nb1c3 Bf8b4
4.Qd1c2 Ng8f6
5.Ng1f3 O-O
6.Bc1g5 h6
7.Bg5h4 dxc4
8.e4 g5
9.e5 gxh4
10.exf6 Qd8xf6
11.Qc2e4 Bc8d7
12.Bf1xc4 Bd7c6
13.Qe4g4 Qf6g6
14.Qg4xh4 Nb8d7
15.Ra1d1 Bb4xc3
16.bxc3 b5
17.Bc4d3 f5
18.g4 Bc6xf3
19.Rh1g1 Bf3xd1
20.Kf1 Kh8
21.g5 Qg6h5
22.Qh4f4 Qh5h3
23.Rg1g2 Bd1f3
24.Qf4g3 Bf3xg2
25.Qg3xg2 Qh3xd3
26.Kg1 Qd3d1
{ resign }
0-1

[Event "Tourn. n9341"]
[Site "www.chess-mail.com"]
[Date "2017.04.25"]
[Round "1"]
[White "Cjood"]
[Black "Attatroll"]
[WhiteElo "1839"]
[BlackElo "1960"]
[Result "0-1"]
[Round "1"]
1.e4 d6
2.c4 e5
3.Nb1c3 Ng8f6
4.Ng1f3 Bf8e7
5.Qd1c2 Nb8c6
6.a3 Nc6d4
7.Nf3xd4 exd4
8.Nc3d5 Nf6xd5
9.cxd5 O-O
10.b4 Be7f6
11.Qc2d3 Rf8e8
12.Bc1b2 Qd8e7
13.f3 Qe7e5
14.Ra1c1 Re8e7
15.Rc1c4 Qe5xd5
16.Bf1e2 Qd5g5
17.g3 Bc8d7
18.f4 Qg5g6
19.Bb2xd4 Bf6xd4
20.Rc4xd4 Bd7c6
21.b5 Bc6d7
22.h4 Ra8e8
23.h5 Qg6e6
24.Rh1h4 d5
25.e5 f6
26.Rd4xd5 c6
27.Be2g4 Qe6xd5
28.Qd3xd5 cxd5
29.Bg4f3 fxe5
30.Bf3xd5 Kh8
31.f5 Bd7xf5
32.g4 Bf5d3
33.a4 e4
34.g5 e3
35.Rh4f4 exd2
36.Kxd2 Bd3e4
37.Bd5c4 b6
38.g6 hxg6
39.hxg6 Be4xg6
40.Rf4g4 Re7e4
{ resign }
0-1

[Event "Match"]
[Site "www.echecsemail.com"]
[Date "2017.04.25"]
[Round "1"]
[White "Cjood"]
[Black "Pellix84"]
[WhiteElo "1669"]
[BlackElo "2070"]
[Result "1-0"]
[Round "1"]
1.e3 c5
2.c4 Nb8c6
3.Nb1c3 Ng8f6
4.d3 g6
5.Ng1f3 Bf8g7
6.Bf1e2 O-O
7.Bc1d2 a6
8.O-O d5
9.cxd5 Nf6xd5
10.e4 Nd5b4
11.Bd2e3 Nc6e5
12.Nf3xe5 Bg7xe5
13.Be3xc5 Nb4c6
14.Ra1b1 b6
15.Bc5e3 Nc6d4
16.f4 Nd4xe2
17.Nc3xe2 Be5c7
18.Ne2d4 Bc8b7
19.a4 e5
20.Nd4e2 Qd8h4
21.f5 Ra8d8
22.Ne2g3 Rd8d7
23.Qd1c1 Qh4e7
24.Be3g5 Qe7b4
25.Bg5h6 Rf8d8
26.Ng3h5 Rd7xd3
27.Nh5f6 Kh8
28.Qc1xc7 Bb7xe4
29.Nf6xe4 Qb4xe4
30.Qc7xf7 Qe4d4
31.Kh1 e4
32.fxg6 hxg6
33.Qf7xg6 Rd8g8
34.Qg6h5 Qd4d5
35.Rf1f5 { resign }
1-0

[Event "Match"]
[Site "www.echecsemail.com"]
[Date "2017.04.25"]
[Round "1"]
[White "Bojan"]
[Black "Mitja"]
[WhiteElo "1960"]
[BlackElo "2020"]
[Result "1-0"]
[Round "1"]
1.c4 d5
2.cxd5 Qd8xd5
3.Nb1c3 Qd5d8
4.Ng1f3 e6
5.e4 c6
6.d4 h6
7.a3 Ng8f6
8.Bf1c4 Nb8d7
9.Qd1e2 Nd7b6
10.Bc4d3 Bf8e7
11.h3 Bc8d7
12.Bc1f4 O-O
13.g4 g5
14.Nf3xg5 hxg5
15.Bf4xg5 Nf6h7
16.Bg5h6 Rf8e8
17.e5 Nb6d5
18.f4 Be7f8
19.Bh6xf8 Re8xf8
20.Nc3xd5 cxd5
21.h4 f6
22.g5 fxg5
23.hxg5 Rf8xf4
24.Bd3xh7 Kg7
25.O-O-O Qd8xg5
26.Kb1 Kf7
27.Rd1g1 { resign }
1-0

[Event "Match"]
[Site "www.echecsemail.com"]
[Date "2017.04.25"]
[Round "1"]
[White "Bojan"]
[Black "Mitja"]
[WhiteElo "1960"]
[BlackElo "2020"]
[Result "1-0"]
[Round "1"]
1.c3 d5
2.d4 e6
3.Bc1f4 c6
4.Ng1f3 Nb8d7
5.Nb1d2 Nd7b6
6.e4 dxe4
7.Nd2xe4 h6
8.Nf3e5 Nb6d5
9.Bf4g3 Ng8f6
10.Bf1d3 Nf6xe4
11.Bd3xe4 Bf8e7
12.a3 Be7h4
13.Qd1f3 O-O
14.O-O Qd8e7
15.c4 Bh4xg3
16.fxg3 Nd5f6
17.Be4c2 Bc8d7
18.Qf3d3 g6
19.Ne5xd7 Qe7xd7
20.Rf1xf6 Qd7e7
21.Ra1f1 Ra8d8
22.b4 a6
23.h4 h5
24.Qd3e3 Qe7d6
25.Rf1d1 Qd6e7
26.Qe3g5 Qe7d6
27.Bc2xg6 fxg6
28.Qg5xg6 Kh8
29.Qg6xh5 Kg8
30.Qh5g5 { resign }
1-0

[Event "Match"]
[Site "www.echecsemail.com"]
[Date "2017.04.25"]
[Round "1"]
[White "Krystek23"]
[Black "Cjood"]
[WhiteElo "2300"]
[BlackElo "1699"]
[Result "1-0"]
[Round "1"]
1.c4 Ng8f6
2.Nb1c3 b6
3.d3 e6
4.a3 Bc8b7
5.e4 Nb8c6
6.Ng1f3 d6
7.d4 Qd8e7
8.Bc1g5 Ra8d8
9.Qd1a4 Rd8d7
10.e5 dxe5
11.dxe5 Qe7c5
12.exf6 gxf6
13.Bg5xf6 Rh8g8
14.Nf3e5 Nc6xe5
15.Qa4xa7 Qc5d4
16.Qa7b8 Rd7d8
17.Bf6xd8 Qd4xd8
18.Qb8xb7 Bf8h6
19.Ra1d1 Qd8h4
20.Qb7c8 Ke7
21.Qc8xg8 Kf6
22.Qg8d8 { resign }
1-0

[Event "Match"]
[Site "www.echecsemail.com"]
[Date "2017.04.25"]
[Round "1"]
[White "Orae"]
[Black "Pariolinius"]
[WhiteElo "1710"]
[BlackElo "1980"]
[Result "1-0"]
[Round "1"]
1.e4 c6
2.d4 d5
3.e5 Bc8f5
4.g4 Bf5e4
5.f3 Be4g6
6.h4 h6
7.h5 Bg6h7
8.Nb1c3 e6
9.Ng1e2 Nb8d7
10.Bc1e3 Ng8e7
11.Qd1d2 Qd8b6
12.Nc3a4 Qb6c7
13.Rh1g1 Ne7c8
14.g5 Bh7f5
15.Ne2g3 { resign }
1-0

[Event "Match"]
[Site "www.echecsemail.com"]
[Date "2017.04.25"]
[Round "1"]
[White "Coxyjon"]
[Black "Luzmaria"]
[WhiteElo "1679"]
[BlackElo "999"]
[Result "1-0"]
[Round "1"]
1.e3 d5
2.c4 c6
3.d4 g5
4.cxd5 e5
5.e4 exd4
6.Qd1xd4 Qd8f6
7.e5 Qf6g7
8.Bf1c4 Bf8b4
9.Nb1c3 c5
10.Qd4e3 Nb8d7
11.Ng1e2 Nd7xe5
12.a3 Ng8e7
13.axb4 Ne5xc4
14.Qe3xc5 Nc4b6
15.Nc3b5 Nb6xd5
16.Ne2c3 b6
17.Qc5c4 a6
18.Nb5d6 Kd7
19.Nd6f5 Nd5xc3
20.Nf5xg7 Rh8f8
21.bxc3 Bc8b7
22.Bc1xg5 Bb7xg2
23.Ra1d1 Bg2d5
24.Rd1xd5 Ne7xd5
25.Qc4xd5 Kc7
26.Bg5f4 Kc8
27.Qd5xa8 { resign }
1-0

[Event "Match"]
[Site "www.echecsemail.com"]
[Date "2017.04.25"]
[Round "1"]
[White "Coraza"]
[Black "Karlgrocer"]
[WhiteElo "1760"]
[BlackElo "2040"]
[Result "0-1"]
[Round "1"]
1.c4 e6
2.d4 Ng8f6
3.Ng1f3 Bf8e7
4.g3 O-O
5.Nb1c3 a6
6.e4 d6
7.Bf1g2 b6
8.O-O Bc8b7
9.b4 Nb8d7
10.Rf1e1 Ra8b8
11.a4 c5
12.b5 a5
13.d5 e5
14.Bg2h3 Nf6e8
15.Nf3d2 Bb7c8
16.Bh3f5 Nd7f6
17.Bf5xc8 Qd8xc8
18.Nd2f3 g6
19.Bc1h6 Ne8g7
20.Qd1c2 Rf8e8
21.Bh6xg7 Kxg7
22.Nf3h4 Nf6h5
23.Qc2e2 Be7xh4
24.gxh4 Nh5f4
25.Qe2f3 f5
26.Kh1 Re8f8
27.Re1g1 Nf4h5
28.Qf3xh5 fxe4
29.Nc3xe4 Qc8d7
30.Ne4g5 gxh5
31.Ng5e6 Kh8
32.Rg1g7 Qd7xe6
33.dxe6 Kxg7
34.Ra1g1 Kf6
35.e7 Kxe7
36.Rg1g7 Rf8f7
37.Rg7g5 Rb8f8
38.Rg5xh5 Rf7xf2
39.Rh5xh7 Rf8f7
40.Rh7xf7 Kxf7
41.Kg1 Rf2a2
{ resign }
0-1

[Event "Match"]
[Site "www.echecsemail.com"]
[Date "2017.04.25"]
[Round "1"]
[White "Chapi"]
[Black "Cjood"]
[WhiteElo "2120"]
[BlackElo "1870"]
[Result "1-0"]
[Round "1"]
1.d4 c5
2.c4 cxd4
3.Qd1xd4 Nb8c6
4.Qd4d1 e5
5.Nb1c3 Qd8b6
6.Ng1f3 Bf8c5
7.e3 Ng8f6
8.Nc3d5 Nf6xd5
9.cxd5 Nc6b4
10.Nf3xe5 Qb6f6
11.Ne5d3 Nb4xd3
12.Bf1xd3 Qf6g5
13.Qd1f3 Bc5b4
14.Bc1d2 Bb4xd2
15.Kxd2 O-O
16.Ra1c1 b6
17.Rc1c7 Qg5e5
18.Rc7c2 Bc8b7
19.Qf3h3 g6
20.e4 Ra8c8
21.Qh3xd7 Rc8xc2
22.Kxc2 Rf8c8
23.Kb1 Rc8c7
24.Qd7h3 Qe5f4
25.Qh3g3 Qf4xg3
26.hxg3 Rc7d7
27.g4 Bb7xd5
28.exd5 Rd7xd5
29.Bd3c4 Rd5d4
30.Bc4e2 Rd4d2
31.Rh1e1 Kg7
32.Kc1 Rd2d4
33.Re1d1 Rd4xd1
34.Kxd1 Kf6
35.Be2c4 h6
36.Kc2 Ke7
37.Kc3 f6
38.Kb4 Kd6
39.f4 g5
40.g3 Kc6
41.a4 a5
42.Kc3 Kc5
43.Bc4b5 Kd5
44.Kd3 gxf4
45.gxf4 Ke6
46.Ke4 Ke7
47.Kd5 { resign }
1-0

[Event "Match"]
[Site "www.echecsemail.com"]
[Date "2017.04.25"]
[Round "1"]
[White "Azulmarino"]
[Black "Sagara1977"]
[WhiteElo "1550"]
[BlackElo "1550"]
[Result "0-1"]
[Round "1"]
1.d4 e6
2.e4 Qd8f6
3.Ng1f3 Nb8c6
4.Bc1g5 Qf6g6
5.Bf1d3 f5
6.exf5 exf5
7.O-O Nc6xd4
8.Rf1e1 Bf8e7
9.Nf3xd4 Qg6xg5
10.Nd4xf5 d6
11.h4 Qg5f6
12.Nb1c3 c6
13.Qd1g4 Bc8xf5
14.Bd3xf5 Ng8h6
15.Qg4h5 Nh6f7
16.Nc3e4 Qf6e5
17.Ne4c3 Qe5f6
18.Bf5e6 g6
19.Qh5e2 Qf6xh4
20.Nc3e4 d5
21.Be6xf7 Kxf7
22.Qe2f3 Kg7
23.Ne4g3 Rh8f8
24.Qf3c3 Be7f6
25.Re1e5 Bf6xe5
26.Qc3xe5 Rf8f6
27.Ra1e1 Ra8f8
28.f3 Qh4f4
29.Qe5e7 Rf8f7
30.Ng3h5 gxh5
31.Qe7c5 h4
32.Qc5f2 Rf6g6
33.Re1e2 h3
34.Kf1 hxg2
35.Kg1 Qf4h6
36.Qf2xg2 Rg6xg2
37.Re2xg2 Kh8
{ resign }
0-1

[Event "1/128 Finale"]
[Site "www.chess-mail.com"]
[Date "2017.04.25"]
[Round "1"]
[White "Ssharp"]
[Black "Cal"]
[WhiteElo "2210"]
[BlackElo "1610"]
[Result "1-0"]
[Round "1"]
1.e4 e5
2.Ng1f3 d6
3.d4 Bc8g4
4.Bf1c4 Ng8f6
5.dxe5 Nf6xe4
6.O-O h6
7.Qd1d5 Bg4e6
8.Qd5xe4 d5
9.Bc4b5 c6
10.Qe4a4 cxb5
11.Qa4xb5 Nb8d7
12.Qb5xb7 Bf8c5
13.Qb7b3 d4
14.Qb3a4 O-O
15.c3 dxc3
16.Nb1xc3 a6
17.Qa4f4 f6
18.Qf4g3 fxe5
19.Bc1xh6 Qd8f6
20.Bh6g5 Qf6f5
21.h3 e4
22.Nf3h4 Qf5f7
23.Nc3xe4 Be6d5
24.Ne4xc5 Nd7xc5
25.f3 Nc5d3
26.b3 Ra8c8
27.Ra1d1 Nd3b4
28.Rd1d2 Bd5a8
29.Rf1d1 a5
30.Rd2d7 Qf7e6
31.Rd1d6 Rc8c1
32.Bg5xc1 Qe6e2
33.Qg3xg7 { resign }
1-0

[Event "1/128 Finale"]
[Site "www.chess-mail.com"]
[Date "2017.04.25"]
[Round "1"]
[White "Insearchof"]
[Black "Picifarkinca"]
[WhiteElo "1499"]
[BlackElo "2010"]
[Result "1-0"]
[Round "1"]
1.d4 e6
2.c4 Ng8f6
3.Nb1c3 Bf8b4
4.Qd1c2 O-O
5.Ng1f3 d5
6.cxd5 Nf6xd5
7.e4 Nd5xc3
8.bxc3 Bb4e7
9.Bf1d3 h6
10.O-O c5
11.e5 cxd4
12.Qc2e2 f5
13.exf6 Be7xf6
14.Qe2e4 dxc3
15.Qe4h7 Kf7
16.Bd3g6 Ke7
17.Bc1a3 { resign }
1-0

[Event "1/128 Finale"]
[Site "www.chess-mail.com"]
[Date "2017.04.25"]
[Round "1"]
[White "Leonger"]
[Black "Insearchof"]
[WhiteElo "2130"]
[BlackElo "1499"]
[Result "1-0"]
[Round "1"]
1.d4 Ng8f6
2.c4 e6
3.Ng1f3 d5
4.Nb1c3 Bf8b4
5.cxd5 exd5
6.Qd1b3 c5
7.dxc5 Nb8c6
8.Bc1g5 Bc8e6
9.O-O-O O-O
10.Bg5xf6 Qd8xf6
11.Nc3xd5 Qf6h6
12.e3 Bb4xc5
13.Qb3b5 Ra8c8
14.Kb1 b6
15.Nd5c3 Nc6b4
16.a3 Qh6g6
17.e4 Nb4c6
18.h4 h5
19.Nf3g5  { time }
1-0

[Event "Tourn. n9344"]
[Site "www.chess-mail.com"]
[Date "2017.04.26"]
[Round "1"]
[White "Foxy100"]
[Black "Estonia"]
[WhiteElo "2210"]
[BlackElo "2070"]
[Result "1-0"]
[Round "1"]
1.e4 d5
2.exd5 Ng8f6
3.Nb1c3 Nf6xd5
4.Ng1e2 g6
5.Nc3xd5 Bf8g7
6.Nd5e3 O-O
7.d4 b6
8.c3 Bc8b7
9.h4 h5
10.Ne3c4 Qd8d5
11.Ne2f4 Qd5e4
12.Bc1e3 Nb8d7
13.Bf1d3 Qe4c6
14.d5 Qc6d6
15.Nc4xd6 exd6
16.Qd1c2 Nd7e5
17.Bd3e2 Rf8e8
18.O-O c5
19.dxc6 Bb7xc6
20.Ra1d1 { resign }
1-0

[Event "Tourn. n9297"]
[Site "www.chess-mail.com"]
[Date "2017.04.26"]
[Round "1"]
[White "Griffo30"]
[Black "Passaroa25"]
[WhiteElo "1879"]
[BlackElo "1610"]
[Result "1-0"]
[Round "1"]
1.e4 c6
2.d4 d6
3.Ng1f3 e6
4.Nb1c3 h6
5.Bf1d3 Ng8e7
6.O-O Ne7g6
7.Bc1e3 Bf8e7
8.Rf1e1 O-O
9.h3 Nb8d7
10.Nc3e2 Nd7b6
11.c4 Ra8b8
12.Qd1c2 f6
13.e5 Ng6h8
14.Bd3h7 Kf7
15.exd6 g6
16.dxe7 Kxe7
17.Be3xh6 Rf8f7
18.Bh7xg6 Nh8xg6
19.Qc2xg6 Ke8
20.Ne2f4 Nb6xc4
21.Nf4xe6 Bc8xe6
22.Re1xe6 Qd8e7
23.Re6xe7 Kxe7
24.Ra1e1 Kd6
25.Qg6xf7 { resign }
1-0

[Event "Tourn. n9307"]
[Site "www.chess-mail.com"]
[Date "2017.04.26"]
[Round "1"]
[White "Sorento"]
[Black "Picifarkinca"]
[WhiteElo "1869"]
[BlackElo "2010"]
[Result "1-0"]
[Round "1"]
1.d4 d5
2.Ng1f3 Ng8f6
3.c4 e6
4.Nb1c3 c6
5.g3 Nb8d7
6.Bf1g2 Bf8e7
7.a4 O-O
8.O-O a5
9.b3 Be7b4
10.Qd1c2 Qd8c7
11.Bc1f4 Bb4d6
12.e3 Bd6xf4
13.exf4 b6
14.Rf1c1 Qc7b7
15.Ra1b1 Rf8d8
16.Nf3e5 Nd7f8
17.b4 Qb7e7
18.Ne5xc6 { resign }
1-0

[Event "Tourn. n9306"]
[Site "www.chess-mail.com"]
[Date "2017.04.26"]
[Round "1"]
[White "Azulmarino"]
[Black "Pachi"]
[WhiteElo "1530"]
[BlackElo "1540"]
[Result "1-0"]
[Round "1"]
1.e4 Ng8f6
2.Nb1c3 g6
3.Ng1f3 d6
4.Bf1b5 c6
5.Bb5e2 Bf8g7
6.h3 d5
7.e5 Nf6e4
8.d4 f6
9.Be2d3 fxe5
10.dxe5 O-O
11.Nc3xe4 dxe4
12.Bd3xe4 Bg7xe5
13.Nf3xe5 Qd8a5
14.c3 Qa5xe5
15.Qd1d3 Qe5f6
16.Bc1e3 b5
17.Be3d4 e5
18.Bd4c5 Rf8d8
19.Qd3e3 Bc8f5
20.Qe3f3 a5
21.O-O b4
22.Rf1d1 bxc3
23.Qf3xc3 Bf5xe4
24.Rd1xd8 Qf6xd8
25.Qc3xe5 Qd8d5
26.Qe5e8 Kg7
27.Qe8f8 { resign }
1-0

[Event "Tourn. n9258"]
[Site "www.chess-mail.com"]
[Date "2017.04.26"]
[Round "1"]
[White "Guidom"]
[Black "Norlavuaram"]
[WhiteElo "2100"]
[BlackElo "2090"]
[Result "1-0"]
[Round "1"]
1.e4 e5
2.Ng1f3 Nb8c6
3.Bf1b5 a6
4.Bb5a4 Ng8f6
5.O-O Bf8e7
6.d3 b5
7.Ba4b3 O-O
8.c3 d6
9.Bc1e3 Nc6a5
10.Nb1d2 c5
11.Bb3c2 Na5c6
12.h3 Qd8c7
13.Ra1c1 h6
14.d4 c4
15.d5 Nc6d8
16.Nf3h2 Nd8b7
17.f3 Nf6h7
18.Qd1e2 f5
19.exf5 Bc8xf5
20.Bc2e4 Nb7c5
21.Be3xc5 Qc7xc5
22.Kh1 Qc5c8
23.g4 Bf5d7
24.Rf1f2 Nh7g5
25.Kg2 Ng5xe4
26.fxe4 Qc8c5
27.Rf2xf8 Ra8xf8
28.Nd2f3 Qc5c8
29.Rc1f1 h5
30.Kg3 hxg4
31.Nh2xg4 Bd7xg4
32.hxg4 Qc8e8
33.Qe2e3 Qe8g6
34.Nf3h2 Rf8xf1
35.Nh2xf1 Qg6f6
36.Kg2 Qf6h4
37.Qe3g3 Qh4g5
38.Qg3f3 Qg5f6
39.Qf3xf6 Be7xf6
40.Kf3 Kf7
41.Nf1e3 g6
42.Ne3c2 a5
43.Nc2a3 b4
44.Na3xc4 bxc3
45.bxc3 Bf6e7
46.Nc4xa5 { resign }
1-0

[Event "Tourn. n9314"]
[Site "www.chess-mail.com"]
[Date "2017.04.26"]
[Round "1"]
[White "Pdebonis"]
[Black "Prize640"]
[WhiteElo "2560"]
[BlackElo "2370"]
[Result "1-0"]
[Round "1"]
1.e4 c5
2.d4 cxd4
3.c3 d5
4.exd5 Qd8xd5
5.cxd4 Ng8f6
6.Nb1c3 Qd5d8
7.Ng1f3 g6
8.Bf1c4 Bf8g7
9.O-O O-O
10.h3 b6
11.Nf3e5 Bc8b7
12.Qd1b3 e6
13.Ne5xf7 Rf8xf7
14.Bc4xe6 Nb8c6
15.Be6xf7  { time }
1-0

[Event "Tourn. n9328"]
[Site "www.chess-mail.com"]
[Date "2017.04.26"]
[Round "1"]
[White "Sorento"]
[Black "Attatroll"]
[WhiteElo "2100"]
[BlackElo "2010"]
[Result "1-0"]
[Round "1"]
1.e4 d6
2.d4 Ng8f6
3.Nb1c3 g6
4.f4 Bf8g7
5.Ng1f3 c5
6.Bf1b5 Bc8d7
7.e5 Nf6g4
8.Bb5xd7 Qd8xd7
9.h3 Ng4h6
10.d5 Nh6f5
11.O-O O-O
12.Nc3e4 Nb8a6
13.c3 Nf5g3
14.Ne4xg3 Qd7b5
15.exd6 exd6
16.f5 Rf8e8
17.Nf3g5 Na6c7
18.Ng5xf7 Kxf7
19.fxg6 Kg8
20.Qd1h5 hxg6
21.Qh5xg6 Re8f8
22.Bc1h6 Rf8xf1
23.Ra1xf1 Nc7e8
24.Rf1f7 { resign }
1-0

[Event "Tourn. n9322"]
[Site "www.chess-mail.com"]
[Date "2017.04.26"]
[Round "1"]
[White "Sorento"]
[Black "Malbertan"]
[WhiteElo "2100"]
[BlackElo "2130"]
[Result "1-0"]
[Round "1"]
1.e4 e5
2.f4 d5
3.exd5 e4
4.Nb1c3 Ng8f6
5.Bf1c4 Bc8f5
6.Ng1e2 Bf8c5
7.h3 O-O
8.d4 exd3
9.cxd3 Nb8d7
10.d4 Bc5b4
11.O-O Nd7b6
12.Bc4b3 Nb6xd5
13.Nc3xd5 Nf6xd5
14.Ne2g3 Bf5c8
15.f5 a5
16.Ng3h5 Nd5e7
17.f6 Ne7f5
18.fxg7 Nf5xg7
19.Nh5f6 Kh8
20.Qd1d3 { resign }
1-0

[Event "Tourn. n9295"]
[Site "www.chess-mail.com"]
[Date "2017.04.26"]
[Round "1"]
[White "Xkafi"]
[Black "Add"]
[WhiteElo "2010"]
[BlackElo "2170"]
[Result "0-1"]
[Round "1"]
1.e4 d5
2.exd5 Qd8xd5
3.Nb1c3 Qd5d8
4.d4 e6
5.a3 h6
6.Ng1f3 Ng8f6
7.Nf3e5 a6
8.Bf1d3 Nb8c6
9.Ne5xc6 bxc6
10.Qd1f3 Bc8b7
11.Bc1e3 Ra8b8
12.Bd3xa6 Bb7xa6
13.Qf3xc6 Nf6d7
14.Qc6xa6 Rb8xb2
15.Qa6d3 Qd8b8
16.O-O Bf8d6
17.Nc3e4 O-O
18.Qd3e2 f5
19.Ne4xd6 cxd6
20.a4 d5
21.a5 Nd7f6
22.h3 Nf6e4
23.Qe2d3 Rf8f7
24.Qd3a6 Rf7f6
25.Qa6c6 f4
26.Be3c1 Rb2b7
27.Rf1e1 Rb7c7
28.Qc6a4 Rc7c4
29.Qa4d7 Rc4c7
30.Qd7a4 Kh7
31.Qa4b3 Rc7b7
32.Qb3d3 Kh8
33.Bc1a3 f3
34.g3 Ne4xg3
35.a6 Rb7a7
36.Re1e3 Ng3e4
37.Ba3c5 Qb8b2
38.Qd3d1 Rf6g6
39.Kh1 Ne4xf2
{ resign }
0-1

[Event "Tourn. n9322"]
[Site "www.chess-mail.com"]
[Date "2017.04.26"]
[Round "1"]
[White "Malbertan"]
[Black "Joseph1983"]
[WhiteElo "2130"]
[BlackElo "2180"]
[Result "0-1"]
[Round "1"]
1.e4 d6
2.d4 Ng8f6
3.Nb1c3 g6
4.f4 Bf8g7
5.e5 dxe5
6.fxe5 Nf6d5
7.Bf1c4 Nd5b6
8.Bc4b3 Nb8c6
9.Ng1f3 O-O
10.O-O Bc8g4
11.Bc1e3 Nc6a5
12.Qd1d2 Na5c4
13.Qd2c1 Nc4xe3
14.Qc1xe3 Bg4xf3
15.Qe3xf3 Qd8xd4
16.Kh1 e6
17.Ra1e1 Bg7xe5
18.Re1d1 Qd4c5
19.Nc3e4 Qc5e7
20.c3 Ra8d8
21.Rd1e1 c5
22.Ne4f2 Be5g7
23.Qf3h3 c4
24.Bb3d1 Rd8d2
25.b3 Rd2xa2
26.bxc4 Rf8c8
27.Bd1b3 Ra2a3
28.Re1b1 Nb6xc4
29.Bb3xc4 Ra3xc3
30.Bc4d3 Bg7d4
31.Rb1xb7 Qe7xb7
{ resign }
0-1

[Event "Tourn. n9307"]
[Site "www.chess-mail.com"]
[Date "2017.04.26"]
[Round "1"]
[White "Picifarkinca"]
[Black "Fabos12"]
[WhiteElo "2030"]
[BlackElo "1880"]
[Result "0-1"]
[Round "1"]
1.b3 d5
2.e3 g6
3.Bc1b2 Ng8f6
4.g3 Bf8g7
5.Bf1g2 c5
6.c4 dxc4
7.bxc4 Nb8c6
8.Ng1e2 O-O
9.O-O e5
10.d3 Nc6b4
11.d4 exd4
12.exd4 Bc8f5
13.Nb1a3 Bf5d3
14.d5 Rf8e8
15.Rf1e1 h5
16.Ne2f4 Re8xe1
17.Qd1xe1 Bd3xc4
18.Na3xc4 Nb4c2
{ resign }
0-1

[Event "Match"]
[Site "www.echecsemail.com"]
[Date "2017.04.26"]
[Round "1"]
[White "Whitekknight"]
[Black "Cjood"]
[WhiteElo "1970"]
[BlackElo "1849"]
[Result "1-0"]
[Round "1"]
1.d4 Ng8f6
2.Nb1c3 e6
3.e4 d6
4.Bc1g5 Bf8e7
5.Bf1c4 Nf6d7
6.Bg5xe7 Qd8xe7
7.Ng1f3 Nd7b6
8.Bc4b3 c6
9.Qd1d3 Nb8d7
10.O-O-O O-O
11.Rh1e1 a5
12.a4 d5
13.e5 c5
14.dxc5 Nd7xc5
15.Qd3b5 Nc5xb3
16.Qb5xb3 Nb6c4
17.Nf3d2 Qe7g5
18.g3 Qg5f5
19.f4 Nc4xd2
20.Rd1xd2 h5
21.Nc3b5 b6
22.Nb5d6 Qf5g6
23.Qb3xb6 Bc8d7
24.b3 Rf8b8
25.Qb6c7 Bd7c8
26.Re1e3 h4
27.Rd2g2 f5
28.Kb2 Bc8a6
29.Qc7c6 d4
30.Re3f3 Ba6f1
31.Rf3xf1 h3
32.Rg2d2 Ra8a7
33.Rd2xd4 Qg6h5
34.Qc6c4 g5
35.Nd6xf5 gxf4
36.Qc4xe6 Kf8
37.Qe6d6 { resign }
1-0

[Event "Match"]
[Site "www.echecsemail.com"]
[Date "2017.04.26"]
[Round "1"]
[White "Chessington"]
[Black "Liencam2"]
[WhiteElo "1859"]
[BlackElo "2340"]
[Result "1-0"]
[Round "1"]
1.d4 Ng8f6
2.Ng1f3 g6
3.e3 Bf8g7
4.Bf1d3 O-O
5.O-O d6
6.e4 Nb8d7
7.Qd1e2 e5
8.dxe5 dxe5
9.Rf1d1 Qd8e7
10.b3 c5
11.Nb1c3 a6
12.a4 b6
13.Bc1g5 Bc8b7
14.Nf3d2 Qe7d6
15.Nd2c4 Qd6c7
16.Nc4e3 Qc7c6
17.Bd3c4 h6
18.Bg5h4 Nf6h5
19.Bh4e7 Rf8e8
20.Rd1d6 Nh5f4
21.Qe2d2 Re8xe7
22.Rd6xc6 Bb7xc6
23.Qd2d6 Re7e6
24.Bc4xe6 Nf4xe6
25.Qd6xc6 { resign }
1-0

[Event "Match"]
[Site "www.echecsemail.com"]
[Date "2017.04.26"]
[Round "1"]
[White "Cjood"]
[Black "Biggles"]
[WhiteElo "1790"]
[BlackElo "2180"]
[Result "1-0"]
[Round "1"]
1.e4 e6
2.b3 d5
3.Nb1c3 dxe4
4.Nc3xe4 Ng8f6
5.Ne4xf6 Qd8xf6
6.Ra1b1 b6
7.Bc1b2 e5
8.Qd1e2 Bf8d6
9.Ng1f3 Nb8d7
10.Qe2e4 Ra8b8
11.Bf1b5 O-O
12.O-O Bc8b7
13.Qe4e2 Nd7c5
14.Nf3xe5 Qf6g5
15.Bb5c6 Bd6xe5
16.Bc6xb7 Nc5xb7
17.Bb2xe5 Rb8e8
18.f4 Qg5g6
19.Qe2f3 Nb7d6
20.d3 c5
21.Rb1e1 Nd6f5
22.Rf1f2 Nf5d4
23.Qf3d1 h6
24.c3 Nd4c6
25.f5 Qg6g5
26.Be5g3 Qg5d8
27.Re1xe8 Rf8xe8
28.Qd1f3 Nc6e5
29.Bg3xe5 Re8xe5
30.g4 Qd8e8
31.Rf2d2 Kh7
32.d4 cxd4
33.cxd4 Re5e4
34.d5 Re4xg4
35.Kf2 Rg4g5
36.h4 Rg5g1
37.Rd2e2 Qe8d8
38.Kxg1 Qd8xh4
39.Qf3e4 Qh4g5
40.Re2g2 Qg5c1
41.Kh2 g6
42.fxg6 fxg6
43.Qe4xg6 Kh8
44.Qg6g7 
1-0

[Event "Match"]
[Site "www.echecsemail.com"]
[Date "2017.04.26"]
[Round "1"]
[White "Azorau"]
[Black "Pariolinius"]
[WhiteElo "1830"]
[BlackElo "1990"]
[Result "1-0"]
[Round "1"]
1.Ng1f3 Ng8f6
2.Nb1c3 d5
3.d4 e6
4.a3 Bf8d6
5.Bc1g5 O-O
6.Qd1d2 Nb8d7
7.O-O-O b6
8.h4 Qd8e8
9.h5 h6
10.Bg5h4 Bc8a6
11.e3 Nf6xh5
12.Bf1xa6 c5
13.Qd2e2 c4
14.Ba6b5 a6
15.Bb5xd7 Qe8xd7
16.g4 Nh5f6
17.Bh4xf6 gxf6
18.Rh1xh6 Kg7
19.Rd1h1 Rf8h8
20.Rh6xh8 Ra8xh8
21.Rh1g1 Rh8h6
22.g5 { resign }
1-0